| 000 | 00766 a2200241 4500 | ||
|---|---|---|---|
| 001 | 68354 | ||
| 710 | 2 | 2 |
_aTürk Eğitim Derneği _991316 |
| 999 |
_c68354 _d18277 |
||
| 003 | TR-AnTOB | ||
| 005 | 20231221104940.0 | ||
| 008 | 080228s2007 tu 00000 tur | ||
| 041 | _atur | ||
| 050 | 0 |
_aLB3013.3 _b.O38 2007 |
|
| 090 | _aLB3013.3 .O38 2007 | ||
| 245 | 0 |
_aOkullarda şiddetin önlenmesi, mevcut uygulamalar ve sonuçları / _ceditör Selahattin Gelbal ; türkçe dil editörüGültekin Özdemir. |
|
| 264 | 1 |
_aAnkara : _bTürk Eğitim Derneği, _c2007. |
|
| 300 |
_a172 p. : _btabl. ; _c24 cm. |
||
| 650 | 0 |
_aSchool violence _zTurkey _940741 |
|
| 650 |
_aCrime prevention _932540 |
||
| 700 |
_aGelbal, Selahattin _940738 |
||
| 700 |
_aÖzdemir, Gültekin _940739 |
||
| 901 | _a0016036 | ||
| 942 | _cBK | ||